Statistics for The Ultimate Winx Club Quiz

Click here to take the quiz!

General Stats

  • This quiz has been taken 1,432 times
    (1,431 since last reset)
  • The average score is 14 of 34

Answer Stats

HintAnswer% Correct
Princess of Domino/SparxPrincess Bloom
99%
Princess of SolariaPrincess Stella
85%
What is the name of her fiance?Prince Sky of Eraklion
81%
Guardian Fairy of NatureFlora
79%
Guardian Fairy of MusicMusa
77%
Guardian Fairy of TechnologyTecna
72%
What is the name of her fiance?Brandon
71%
Princess of AndrosPrincess Layla
70%
Who is her sister?Princess Daphne
67%
What is the name of her boyfriend?Riven
66%
What is the name of her boyfriend?Helia
59%
What is the name of her boyfriend?Timmy
58%
What is the name of her fiance?Nabu
48%
Princess of Tir Nan OgPrincess Roxy
48%
What is the name of her pixie?Lockette
45%
What is the name of her pixie?Amore
43%
What is the name of her pixie?Chatta
41%
What is the name of her pixie?Digit
38%
What is the name of her pixie?Piff
34%
What is the name of her pixie?Tune
32%
Who is her sister?Miele
31%
Who are her parents?King Oritel and Queen Marion
23%
What is the name of her pet?Artu
20%
Who are her parents?Queen Luna and King Radius
19%
Who are her parents?Klaus and Queen Morgana
11%
What are her powers?The Dragon Flame
9%
Who are her parents?Matlin and Ho-Boe
8%
Who are her parents?King Teredor and Queen Niobe
7%
What are her powers?Animal based magic
4%
What are her powers?Nature based magic
4%
What are her powers?Sound based magic
4%
What are her powers?Sun based magic
4%
What are her powers?Technology based magic
4%
What are her powers?Water based magic
4%

Score Distribution

Percentile by Number Answered

Percent of People with Each Score

Your Score History

You have not taken this quiz since the last reset